000
00295nam a2200121 a 4500
008
101027s1988|||| d
100
1
_a
Moravčík, Štefan
245
1
0
_a
Sedláci
_b
Próza nás hriešnych
260
_b
Smena
_a
Bratislava
_c
1988
020
_c
21
041
_a
slo
044
_a
xo
_c
SK
999
_c
12324
_d
12324